| 000 -ლიდერი |
| ფიქსირებული სიგრძის საკონტროლო ველი |
00817nam a22001817a 4500 |
| 003 - საკონტროლო ნომრის იდენტიფიკატორი |
| საკონტროლო ველი |
Ge_BSU |
| 005 - ბოლო ოპერაციის თარიღი და დრო |
| საკონტროლო ველი |
20230712161415.0 |
| 008 - ფიქსირებული სიგრძის მონაცემთა ელემენტები - ზოგადი ინფორმაცია |
| ფიქსირებული სიგრძის საკონტროლო ველი |
230712s2005ge xxu||||| |||| 00| 0 geo d |
| 041 ## - ენის კოდი |
| Language code of text/sound track or separate title |
geo |
| 080 ## - უნივერსალური ათობითი კლასიფიკაციის ინდექსი |
| Universal Decimal Classification number |
821.353.1-94 გ-59 |
| 100 ## - მთავარი ჩანაწერი - პიროვნების სახელი |
| Personal name |
გოგუაძე, ვახტანგ, ავტორი. |
| 9 (RLIN) |
19183 |
| 245 ## - ცნობა სათაურის შესახებ |
| Title |
პანთეონი : |
| Remainder of title |
წერილები გამოჩენილ ქართველ მოღვაწეთა შესახებ] / |
| Statement of responsibility, etc |
ვახტანგ გოგუაძე. |
| 264 ## - წარმოების, გამოცემის, დისტრიბუციის და სხვა ცნობები |
| გამოცემის, წარმოების, დისტრიბუციის... ადგილი |
თბილისი, |
| გამოცემის, წარმოების, დისტრიბუციის... თარიღი |
2005. |
| 300 ## - ფიზიკური აღწერა |
| Extent |
204 გვ. ; |
| Other physical details |
20 სმ. |
| 653 ## - INDEX TERM--UNCONTROLLED |
| Uncontrolled term |
პანთეონი |
| 653 ## - INDEX TERM--UNCONTROLLED |
| Uncontrolled term |
წერილები გამოჩენილ ქართველ მოღვაწეთა შესახებ |
| 942 ## - ADDED ENTRY ELEMENTS (KOHA) |
| Source of classification or shelving scheme |
|
| Koha item type |
წიგნი |